Các mạch điện tử của bộ khuếch đại - bộ lọc và bộ vi xử lý

Kaydedildi:
Detaylı Bibliyografya
Yazar: Trung Minh và nhóm cộng tác
Materyal Türü: Kitap
Dil:Vietnamese
Baskı/Yayın Bilgisi: Giao thông vận tải 2005
Konular:
Etiketler: Etiketle
Etiket eklenmemiş, İlk siz ekleyin!
Thư viện lưu trữ: Mạng thư viện Đại học Đà Nẵng
LEADER 01044nam a2200313 a 4500
001 000002847
003 01026
005 20171229145311.0
008 171229s2005 vie
040 |a LSK 
041 0 |a VIE 
082 0 |a 621.3815  |b TR-M 
100 1 |a Trung Minh và nhóm cộng tác 
245 0 0 |a Các mạch điện tử của bộ khuếch đại - bộ lọc và bộ vi xử lý 
260 |b Giao thông vận tải  |c 2005 
300 |a 656 pages  |c 20,5 cm. 
653 |a Điện tử - Mạch điện 
852 |a Phòng Đọc 
901 |a 4 
927 |a Sách tham khảo 
OWN |a LSK 
AVA |a UDN50  |b LSK  |d 621.3815 TR-M  |e available  |t Error 5001 Not defined in file expand_doc_bib_avail.  |f 4  |g 0  |h N  |i 0  |k 1 
999 |a From the UDN01 
AVA |a UDN50  |b LSK  |d 621.3815 TR-M  |e available  |t Error 5001 Not defined in file expand_doc_bib_avail.  |f 4  |g 0  |h N  |i 0  |k 1 
TYP |a Monograph 
TYP |a Printed language 
980 |a Mạng thư viện Đại học Đà Nẵng